[Event "Ghent Taminco op 31st"]
[Site "Ghent"]
[Date "2008.07.20"]
[Round "4"]
[White "Nieto, Emanuel"]
[Black "De Billoez, Yves"]
[Result "1-0"]
[WhiteElo "2238"]
[BlackElo "1990"]
[PlyCount "75"]
[EventDate "2008.07.19"]
[EventType "swiss"]
[EventRounds "9"]
[EventCountry "BEL"]
[SourceTitle "CBM 125 Extra"]
[Source "ChessBase"]
[SourceDate "2008.09.01"]
[SourceVersion "1"]
[SourceVersionDate "2008.09.01"]
[SourceQuality "1"]

1. e4 c6 2. d3 d5 3. Nd2 Nd7 4. Ngf3 e6 5. g3 Bd6 6. Bg2 Ne7 7. 0-0 b6 8. Re1 Bb7 9. e5 Bc7 10. Nf1 Ng6 11. d4 c5 12. c3 Qe7 13. Ne3 0-0-0 14. a4 h5 15. h4 a5 16. b4 f6 17. exf6 gxf6 18. bxc5 bxc5 19. Rb1 Rhg8 20. Qb3 Bc6 21. c4 Nb6 22. dxc5 dxc4 23. Nxc4 Nxc4 24. Qxc4 Bd5 25. Qa6+ Kd7 26. Qb5+ Kc8 27. Ba3 Bxg3 28. fxg3 Qa7 29. Kh2 Qc7 30. Qa6+ Kd7 31. c6+ Ke8 32. Rb7 Qc8 33. c7 Qxb7 34. Rxe6+ Kd7 35. cxd8Q+ Rxd8 36. Qd6+ Kc8 37. Bh3 Qb3 38. Re7+ 1-0

[Event "BEL-chT 0708"]
[Site "Belgium"]
[Date "2008.03.16"]
[Round "11.5"]
[White "Nieto, Emanuel"]
[Black "Jens, Jelmer"]
[Result "0-1"]
[WhiteElo "2267"]
[BlackElo "2409"]
[PlyCount "80"]
[EventDate "2007.09.30"]
[EventType "team-tourn"]
[EventRounds "11"]
[EventCountry "BEL"]
[SourceTitle "EXT 2009"]
[Source "ChessBase"]
[SourceDate "2008.11.26"]
[SourceVersion "1"]
[SourceVersionDate "2008.11.26"]
[SourceQuality "1"]
[WhiteTeam "Boey Temse"]
[BlackTeam "Namur"]
[WhiteTeamCountry "BEL"]
[BlackTeamCountry "BEL"]

1. d4 Nf6 2. Bg5 e6 3. e4 h6 4. Bxf6 Qxf6 5. Qd3 d6 6. Nc3 c6 7. 0-0-0 e5 8. Nf3 exd4 9. Qxd4 Qxd4 10. Nxd4 g6 11. Nb3 Ke7 12. g3 Bg7 13. Ne2 Na6 14. Ned4 Nc7 15. Na5 Ne6 16. Ndb3 Rd8 17. Bg2 Kd7 18. Rd2 Kc7 19. Rhd1 Rb8 20. f4 Bf8 21. Nd4 Nxd4 22. Rxd4 b6 23. Nc4 Bg4 24. R1d2 Be6 25. Ne3 b5 26. R4d3 Bg7 27. Kb1 Rb6 28. e5 d5 29. c4 bxc4 30. Nxc4 dxc4 31. Rxd8 c3 32. R2d3 cxb2 33. Rd1 Bf5+ 34. R8d3 g5 35. g4 Bxd3+ 36. Rxd3 gxf4 37. Ra3 a6 38. Ra5 Rb5 39. Rxa6 Rxe5 40. Rxc6+ Kd7 0-1

[Event "Brasschaat op 07th"]
[Site "Brasschaat"]
[Date "2007.08.18"]
[Round "1"]
[White "De Block, Gert"]
[Black "Nieto, Emanuel"]
[Result "0-1"]
[WhiteElo "1694"]
[BlackElo "2255"]
[PlyCount "86"]
[EventDate "2007.08.18"]
[EventType "swiss"]
[EventRounds "9"]
[EventCountry "BEL"]
[SourceTitle "CBM 120 Extra"]
[Source "ChessBase"]
[SourceDate "2007.11.01"]
[SourceVersion "1"]
[SourceVersionDate "2007.11.01"]
[SourceQuality "1"]

1. e4 c5 2. c3 d5 3. exd5 Qxd5 4. d4 Nc6 5. Nf3 Bg4 6. Be2 e6 7. 0-0 Nf6 8. Be3 cxd4 9. cxd4 Be7 10. Nc3 Qa5 11. a3 0-0 12. Rc1 Nd5 13. Nxd5 Qxd5 14. h3 Bh5 15. Re1 Rfd8 16. Bc4 Qa5 17. g4 Bg6 18. Bd2 Qb6 19. Bc3 Bf6 20. d5 Bxc3 21. Rxc3 Qxb2 22. Rb3 Qf6 23. Qe2 exd5 24. Bxd5 h6 25. Bxc6 bxc6 26. Qe7 Rd6 27. Qxf6 Rxf6 28. Re7 a5 29. Ne5 Be4 30. Nxf7 Bd5 31. Nxh6+ gxh6 32. Rbb7 Rf7 33. f4 Rxe7 34. Rxe7 Rb8 35. h4 Rb3 36. g5 hxg5 37. fxg5 Rh3 38. Ra7 Rxh4 39. Rxa5 Kg7 40. Ra7+ Kg6 41. a4 Kxg5 42. a5 Ra4 43. a6 Kf4 0-1